000 01058nam a2200253Ia 4500
008 130821s2009 sp a gr spa
022 _a1885-866-X
040 _aCo-BoUCM
_bspa
041 0 0 _aspa
100 1 _aDraibe, Sonia M.
_9165549
245 1 3 _aEl estado de bienestar social en América Latina una nueva estrategia de desarrollo
_cSonia M. Draibe y Manuel Riesco
260 _aMadrid (España)
_bFundación Carolina - CeALCI
_c2009
300 _aix, 123 páginas
_bgráficos, tablas
490 0 _aDocumento de Trabajo
_v31
504 _aIncluye bibliografía e índice general.
650 0 4 _aDesarrollo social
_912991
650 0 4 _aDesarrollo social
_zAmérica Latina
_938286
650 0 4 _aPrivatización de la educación
_zChile
_922303
651 4 _aAmérica Latina
_xCondiciones sociales
_938288
700 1 _aRiesco, Manuel
_9165550
710 1 _aFundación Carolina.
_bCentro de Estudios para América Latina y la Cooperación Internacional. CeALCI
_9137260
942 _cLIBRO
_a5
_e1
_mD759e
_2DEWEY
_h361
999 _c62392
_d62392